00670nam a2200217Ia 4500003000400000005001700004008004100021020001800062040001800080041000800098082002000106100002000126245007300146250001200219260005500231300002800286650006200314650003000376650002800406700001800434OSt20260119105633.0210716s2011 xx 000 0 und d a9788120341722 cAIMIT LIBRARY aeng a651.7 21bTYAK aTyagi, Kavitha. aAdvanced technical communication /cBy Kavita Tyagi and Padma Misra. a1st ed. aNew Delhi :bPHI Learning private limited ,c2011. axvi,304 p.;bPBc25 cm. aIntroduction to business communication and letter writing aNotice agenda and minutes aJob application letters aMisra, Padma.